Łódź - quiz wielokrotnego wyboru - Statystyki

Ogólne statystyki
  • Ten quiz został rozwiązany 1 064 razy
    1 036 od ostatniego zresetowania
  • Średni wynik to 8 z 10
Statystyki odpowiedzi
Zagadnienie Odpowiedź % Poprawnych
Jak nazywa się najbardziej znana ulica? Piotrkowska
97%
Jaki jest główny historyczny przemysł Łódzi? Włókiennictwo
96%
Która z poniższych odpowiedzi jest dzielnicą Lodzi? Bałuty
94%
Z jakiej serii znany jest Andrzej Sapkowski, pisarz z Łodzi? Wiedźmin
94%
Jakie jest najpopularniejsze centrum handlowe? Manufaktura
93%
Łódź jest często nazywana miastem 4 kultur. Która z tych kultur nie jest jedną z tych czterech? Czeska
87%
W którym wieku nastąpił największy postęp miasta? XIX
81%
Pod względem liczby ludności, które z tych miast NIE JEST większe od Łodzi? Gdańsk
74%
Jak nazywała się podczas drugiej wojny światowej? Litzmannstadt
69%
Który/a z tych znanych reżyserów/ek studiował/a w Łodzi? Roman Polański
62%
Nie znaleziono quizów pasujących do podanych kryteriów
Rozkład punktacji
Procent ludzi z każdym wynikiem
Percentyl według liczby udzielonych odpowiedzi
Twoja historia wyników
Nie rozwiązałeś tego quizu od ostatniego zresetowania